Statistics for Playboi Carti Songs (self-titled album)

Click here to take the quiz!

General Stats

  • This quiz has been taken 155 times
  • The average score is 9 of 15

Answer Stats

HintAnswer% Correct
Self-titledMagnolia:)
92%
Self titledLocation:)
87%
Self-titledwokeuplikethis:)
87%
Self-titledKelly K:)
72%
Self-titledNew choppa:)
70%
Self-titledFlex:)
69%
Self-titledHalf & Half:)
69%
Self-titledLookin:)
67%
Self-titleddothatshit:)
64%
Self-titledYah Mean:)
64%
Self-titledNO.9:)
63%
Self-titledHad 2:)
59%
Self-titledLet it go:)
55%
Self-titledOther sh*t:)
14%
Self-titledLame N****z:)
12%

Score Distribution

Percentile by Number Answered

Percent of People with Each Score

Your Score History

You have not taken this quiz